Aprendiendo a envejecer
में बचाया:
| मुख्य लेखक: | |
|---|---|
| स्वरूप: | पुस्तक |
| भाषा: | स्पेनिश |
| प्रकाशित: |
Buenos Aires
La Aurora
1976
|
| संस्करण: | 2a. ed |
| श्रृंखला: | El hombre y sus posibilidades
|
| विषय: | |
| टैग: |
टैग जोड़ें
कोई टैग नहीं, इस रिकॉर्ड को टैग करने वाले पहले व्यक्ति बनें!
|
MARC
| LEADER | 00000nam a2200000 a 4500 | ||
|---|---|---|---|
| 001 | UCQ5453 | ||
| 003 | CL-VaPUC | ||
| 008 | 980925e19760000AG |||||||||||||||||spa|d | ||
| 082 | 0 | 4 | |a 155.67 |b TOU |2 21 |
| 100 | 0 | |a Tournier, Paul |e author |9 419545 | |
| 245 | 1 | 0 | |a Aprendiendo a envejecer |
| 250 | |a 2a. ed | ||
| 300 | |a 366 p | ||
| 942 | |c BK | ||
| 945 | |d 19980925 00:00:00 |a lriquelm | ||
| 260 | |a Buenos Aires |b La Aurora |c 1976 | ||
| 650 | 0 | |a Tercera edad |9 307285 | |
| 650 | 0 | |a Ancianos |9 307293 | |
| 650 | 0 | |a Aspectos psicológicos |9 258128 | |
| 583 | |a last modification |c 19980925 00:00:00 |k Rodrigo Vera | ||
| 490 | 0 | |a El hombre y sus posibilidades | |
| 999 | |c 275664 |d 275662 | ||
| 952 | |0 0 |1 0 |4 0 |6 155_670000000000000_TOU_1976 |7 0 |8 A |9 312462 |a FDOPOS |b FDOPOS |d 2019-11-20 |i 147149K |o 155.67 TOU 1976 |p 147149K |r 2025-01-22 |w 2019-11-20 |y BK |k MLA | ||